| 000 | 00689nam a2200217 a 4500 | ||
|---|---|---|---|
| 999 |
_c63405 _d63379 |
||
| 003 | OSt | ||
| 005 | 20181107154300.0 | ||
| 008 | 991221s1996 00eng d | ||
| 020 | _a1556710410 | ||
| 035 | _a(MSEA old Access rec no.)11609 | ||
| 035 | _a(MSEA old Access item no.)C01048 | ||
| 040 |
_aDLC _bDLC _cDLC |
||
| 082 | 0 | 4 | _a227.83 |
| 100 | 1 |
_aHeckert, Jakob K. _947784 |
|
| 245 | 0 | 0 |
_aDiscourse function of conjoiners in the Pastoral Epistles / _cJakob K. Heckert.. |
| 260 |
_aDallas, Tex.: _bSummer Institute of Linguistics _cc1996 |
||
| 300 | _a111 p. | ||
| 504 | _aBibliography: p.109-111. | ||
| 650 | 0 | 0 |
_aBible. N.T. Pastoral epistles _xDiscourse _947785 |
| 942 |
_2lcc _cBK |
||